00515nam a2200181Ia 450000500170000000800410001708200130005810000120007124500390008326000370012230000130015965000190017265000140019165000140020594200060021995200950022599900130032020250410030532.0240331s9999 xx 000 0 und d a142bMAR aMarx, A 0aPin naveenatuvam elakkium araciyal aKovaibVidiyal Pathippagamc1996 a120 p ., aPost Modernism aIlakkiyam aPolitical cL 001040708LaWERCLbWERCLcSSCd2024-03-31l0o 142 MARp2359r2024-03-31w2024-03-31yL c727d727